| Tag |
First Indicator |
Second Indicator |
Subfields |
| LEADER |
00000cam a2200000 a 4500 |
| 001 |
in00000089366 |
| 005 |
20151008063423.0 |
| 008 |
731120m19739999gw a b 00010 germ |
| 010 |
|
|
|a 73334189
|
| 035 |
|
|
|a (OCoLC)00745451
|
| 035 |
|
|
|9 AAK2193AM
|
| 040 |
|
|
|c OUN
|d m.c.
|d TXA
|d UtOrBLW
|
| 049 |
|
|
|a TXAM
|d [
|v =Bd.]
|v 1 [1107619]
|v 2 [1107620]
|v 3 [1107621]
|v 4 [1111108]
|v 5 [1502179]
|
| 050 |
0 |
0 |
|a PT2638.W896
|b L5 1973
|
| 100 |
1 |
|
|a Schwitters, Kurt,
|d 1887-1948.
|
| 245 |
1 |
4 |
|a Das literarische Werk /
|c Kurt Schwitters ; herausgegeben von Friedhelm Lach.
|
| 264 |
|
1 |
|a [Koln] :
|b M. DuMont Schauberg,
|c [1973-]
|
| 264 |
|
4 |
|c ©1973-
|
| 300 |
|
|
|a volumes :
|b illustrations ;
|c 25 cm.
|
| 336 |
|
|
|a text
|b txt
|2 rdacontent
|
| 337 |
|
|
|a unmediated
|b n
|2 rdamedia
|
| 338 |
|
|
|a volume
|b nc
|2 rdacarrier
|
| 504 |
|
|
|a Includes bibliographical references.
|
| 505 |
0 |
|
|a Bd. 1. Lyrik -- Bd. 2. Prosa 1918-1930 -- Bd. 3. Prosa 1931-1948 -- Bd. 4. Schauspiele und Szenen -- Bd. 5. Manifeste und kritische Prosa
|
| 999 |
|
|
|a MARS
|
| 999 |
f |
f |
|s 19deb0e7-4922-335b-8b5f-5defd929aeea
|i 6e92d283-8c3e-3307-ad5e-42bc4836608f
|t 0
|
| 952 |
f |
f |
|p normal
|a Texas A&M University
|b College Station
|c Sterling C. Evans Library
|d Evans: Library Stacks
|t 0
|e PT2638.W896 L5 1973
|h Library of Congress classification
|i unmediated -- volume
|k Bd.4
|m A14804175642
|
| 952 |
f |
f |
|p normal
|a Texas A&M University
|b College Station
|c Sterling C. Evans Library
|d Evans: Library Stacks
|t 0
|e PT2638.W896 L5 1973
|h Library of Congress classification
|i unmediated -- volume
|k Bd.5
|m A14806195046
|
| 952 |
f |
f |
|p normal
|a Texas A&M University
|b College Station
|c Sterling C. Evans Library
|d Evans: Library Stacks
|t 0
|e PT2638.W896 L5 1973
|h Library of Congress classification
|i unmediated -- volume
|k Bd.1
|m A14806195004
|
| 952 |
f |
f |
|p normal
|a Texas A&M University
|b College Station
|c Sterling C. Evans Library
|d Evans: Library Stacks
|t 0
|e PT2638.W896 L5 1973
|h Library of Congress classification
|i unmediated -- volume
|k Bd.3
|m A14804175634
|
| 952 |
f |
f |
|p normal
|a Texas A&M University
|b College Station
|c Sterling C. Evans Library
|d Evans: Library Stacks
|t 0
|e PT2638.W896 L5 1973
|h Library of Congress classification
|i unmediated -- volume
|k Bd.2
|m A14804175626
|
| 998 |
f |
f |
|a PT2638.W896 L5 1973
|s Bd.1-Bd.5
|t 0
|l Evans: Library Stacks
|